LDR 00710naa#a2200169#i#450# 001 EN\\bibl\126712 005 20260630011934.2 011 ## _a2223-9987 100 ## _a20260629b2026####ek#y0engy0150####ca 102 ## _aRU 200 1# _aIntelligent Thermal Energy Loss Accounting Systems _eJournal article 210 1# _aSaint-Petersburg _cFSBEI HE "Emperor Alexander I St. Petersburg State Transport University" _d2026 215 ## _a10 с. 608 ## _aJournal article _2local 675 ## _aОбщая энергетика. 620.9 _aЭнергосистемы в целом. Электростанции и подстанции. Электрофикация и сети. 621.311 _z 700 #1 _aRyzhova _gElena L'vovna 856 4# _aatjournal.ru _u